000
00240nam a22000977a 4500
999
_c
11751
_d
11751
008
200114b ||||| |||| 00| 0 eng d
020
_a
0590402420
100
_a
Lobel Arnold
_9
7438
245
_a
The Fables
260
_a
New York
_b
Scholastic
_c
1980